|
|
|
|
| LEADER |
01046nam a2200349 4500 |
| 001 |
DLU030023012 |
| 005 |
##20020409104356.0 |
| 008 |
##010131s2001 enka b 001 0 eng |
| 010 |
# |
# |
|a 2001025123
|
| 020 |
# |
# |
|a 0851995403 (pbk. : alk. paper)
|
| 040 |
# |
# |
|a DLC
|c DLC
|d DLC
|
| 042 |
# |
# |
|a pcc
|
| 043 |
# |
# |
|a e------
|
| 050 |
# |
# |
|a G155.E8
|b R87 2001
|
| 082 |
# |
# |
|a 338.479 140 456
|b Rur
|
| 245 |
# |
# |
|a Rural tourism and recreation :
|b principles to practice /
|c [edited by] Lesley Roberts and Derek Hall.
|
| 260 |
# |
# |
|a Wallingford, Oxon, UK ;
|a New York, NY :
|b CABI Pub.,
|c c2001.
|
| 300 |
# |
# |
|a xix, 231 p. :
|b ill. ;
|c 25 cm.
|
| 504 |
# |
# |
|a Includes bibliographical references and index.
|
| 650 |
# |
# |
|a Rural development
|z Europe.
|
| 650 |
# |
# |
|a Tourism
|z Europe.
|
| 700 |
# |
# |
|a Hall, Derek,
|d 1948-
|
| 700 |
# |
# |
|a Roberts, Lesley,
|d 1954-
|
| 992 |
# |
# |
|a 62.40
|
| 994 |
# |
# |
|a DLU
|
| 900 |
# |
# |
|a True
|
| 911 |
# |
# |
|a Lê Thị Mạnh Xuân
|
| 925 |
# |
# |
|a G
|
| 926 |
# |
# |
|a A
|
| 927 |
# |
# |
|a SH
|
| 980 |
# |
# |
|a Thư viện Trường Đại học Đà Lạt
|